Guess the Country by the National Animal - Statistics

General Stats
  • This quiz has been taken 590 times
  • The average score is 5 of 16
Answer Stats
Picture Answer % Correct
Canada
84%
Indonesia
79%
United States
61%
Tanzania
57%
Thailand
32%
South Africa
29%
Botswana
28%
Algeria
23%
Malaysia
21%
Costa Rica
20%
Finland
15%
Qatar
14%
Pakistan
8%
Denmark
4%
Lebanon
2%
Antigua and Barbuda
1%
No matching quizzes found
Score Distribution
Percent of People with Each Score
Percentile by Number Answered
Your Score History
You have not taken this quiz